| 000 | 00530nam a2200205Ia 4500 | ||
|---|---|---|---|
| 003 | GCL | ||
| 008 | 140319s9999 xx 000 0 eng d | ||
| 040 |
_aGCL / _cGCL |
||
| 082 | 0 | 4 |
_a843 _bF L |
| 100 | 1 | _aFOURNIER, ALAIN | |
| 245 | 1 | 0 |
_aLE GRAND MEAULNES / _cFOURNIER, ALAIN |
| 260 |
_a[S.N] : _bCERES PRODUCTIONS ، _c1991 |
||
| 300 | _a222 P | ||
| 490 |
_aLA PETITE BIBLIOTHEQUE SCOLAIRE _v0 |
||
| 650 | 0 | 4 | _aLITERATURE |
| 650 | 0 | 4 | _aFICTION |
| 650 | 0 | 4 | _aFRENCH FICTION |
| 650 | 0 | 4 | _aFRENCH LITERATURE |
| 942 |
_2ddc _cBK |
||
| 999 |
_c11248 _d11248 |
||